• 首页
  • 本馆介绍
  • 公告通知
  • 最新文献
  • 馆藏检索
  • 电子资源
  • 读者导购
  • 参考咨询
  • 我的图书馆
  • 登录
  • 详细信息显示
  • 放入我的书架
  • 预约/预借图书
  • 作者相关作品
  • 分类相关作品
  • 丛书相关作品
  • 出版社相关作品

书目信息

  • 表格格式
  • 工作单格式
  • 卡片格式
题名:
赵元任语言学论文集
    
 
作者: 赵元任 著 ;吴宗济 , 赵新那 编
分册:  
出版信息: 北京   商务印书馆  2002
页数: 910页
开本: 20cm
丛书名:
单 册:
中图分类: H0-53
科图分类:
主题词: 语言学
电子资源:
ISBN: 7-100-03127-3
000 00656nam0 2200217 45
001 0312151633
005 20031219104123.0
010    @a7-100-03127-3@b精装@dCNY47.00
100    @a20031215d2002 km y0chiy0120 ea
101 0  @achi
105    @ach z 000yy
200 1  @a赵元任语言学论文集@AZhao Yuan Ren Yu Yan Xue Lun Wen Ji@f赵元任著@FZhao Yuan Ren Zhu@g吴宗济,赵新那编
210    @a北京@c商务印书馆@d2002
215    @a910页@c照片,摹真@d20cm
606 0  @a语言学
690    @aH0-53@v4
701  0 @a赵元任@4著
702  0 @a吴宗济@AWu Zong Ji@4编
702  0 @a赵新那@AZhao Xin Na@4编
801    @aCN@bTSTC@c20031215
905    @b330060-064@dH0-53@e104@f5
    
    赵元任语言学论文集/赵元任著/吴宗济,赵新那编.-北京:商务印书馆,2002
    910页:照片,摹真;20cm
    
    
    ISBN 7-100-03127-3(精装):CNY47.00
    
●
相关链接 在E读中查询图书 在五车中查询图书 在当当中查询图书 在豆瓣中查询图书


正题名:赵元任语言学论文集     索取号:H0-53/104         预约/预借

序号 登录号 条形码 馆藏地/架位号 状态 备注
1 0330060   203300604   第四借阅区/ [索取号:H0-53/104] 在馆    
2 0330061   203300613   第四借阅区/ [索取号:H0-53/104] 在馆    
3 0330062   203300622   第四借阅区/ [索取号:H0-53/104] 在馆    
4 0330063   203300631   第四借阅区/ [索取号:H0-53/104] 在馆    
5 0330064   203300640   第二样本阅览室/ [索取号:H0-53/104] 在馆    
唐山师范学院图书馆 欢迎您!
大连网信软件有限公司© 版权所有